000 00431 a2200181 4500
001 114838
020 _a0773051473
041 _apor
090 _aP Year 9 821
100 _aSaliani, Dom.
250 _a. ed.
697 _aAmerican poetry.
697 _aCanadian poetry.
040 _aBR-BrIDEA
_cBR-BrIDEA
245 1 0 _aPoetry alive
_bperspectives
_c Dom Saliani
260 _a[S.l.]
_bCopp Clark Pitman
_c1991
942 _cBK
999 _c114838
_d114838